|
|
|
|
| LEADER |
01158nam a2200253 a 4500 |
| 001 |
3672326 |
| 008 |
090808s1990 enkb b 001 0 eng d |
| 010 |
|
|
|a 77375620
|
| 020 |
|
|
|a 0140443231 :
|c £1.00 ($2.50 U.S.)
|
| 040 |
|
|
|a DLC
|c DLC
|d DLC
|
| 082 |
0 |
0 |
|a 880/.8/001
|2 20
|
| 245 |
0 |
0 |
|a Greek literature ; an anthology :
|b translations from Greek prose and poetry /
|c chosen by Michael Grant.
|
| 260 |
|
|
|a Harmondsworth ;
|a New York [etc.] :
|b Penguin,
|c 1990.
|
| 300 |
|
|
|a 491 p. :
|b map ;
|c 18 cm.
|
| 490 |
0 |
|
|a Penguin classics
|
| 500 |
|
|
|a Original ed. by M. Grant published in 1973 under title: Greek literature in translation.
|
| 504 |
|
|
|a Includes bibliography: [p. 487-488] & index.
|
| 541 |
1 |
|
|e 00009385
|
| 650 |
|
0 |
|a Greek literature
|x Translations into English.
|
| 651 |
|
0 |
|a Greece
|x Literary collections.
|
| 700 |
1 |
|
|a Grant, Michael,
|d 1914-2004.
|
| 852 |
4 |
|
|a Ayesha Abed Library
|j General Shelf.
|
| 999 |
|
|
|c 3359
|d 3359
|
| 952 |
|
|
|0 0
|1 4
|2 ddc
|4 1
|6 880_800100000000000_GRE
|7 0
|9 3050
|a BRACUL
|b BRACUL
|c GEN
|d 2009-08-31
|g 0.00
|l 2
|m 10
|o 880.8001 GRE
|p 3010009385
|r 2017-09-14
|s 2017-09-13
|t 1
|w 2009-08-31
|y BK
|z Pages missing
|x No price found in the accession register.
|